<?xml version="1.0" encoding="UTF-8"?>
<record
    xmlns:xsi="http://www.w3.org/2001/XMLSchema-instance"
    xsi:schemaLocation="http://www.loc.gov/MARC21/slim http://www.loc.gov/standards/marcxml/schema/MARC21slim.xsd"
    xmlns="http://www.loc.gov/MARC21/slim">

  <leader>01456nam a2200217 i 4500</leader>
  <controlfield tag="001">23060</controlfield>
  <controlfield tag="003">ES-MaACL</controlfield>
  <controlfield tag="005">20250907063035.0</controlfield>
  <controlfield tag="007">t|</controlfield>
  <controlfield tag="008">021209m18241825sp           ||||1| spa d</controlfield>
  <datafield tag="100" ind1="1" ind2=" ">
    <subfield code="a">Alvarado, Francisco, </subfield>
    <subfield code="d">1756-1814</subfield>
    <subfield code="9">20590</subfield>
  </datafield>
  <datafield tag="245" ind1="1" ind2="0">
    <subfield code="a">Cartas cr&#xED;ticas que escribi&#xF3; el Rmo. Padre Maestro Fr. Francisco Alvarado, del Orden de Predicadores : </subfield>
    <subfield code="b">&#xF3; sea El Fil&#xF3;sofo Rancio, en las que ... se impugnan las doctrinas ... de los nuevos reformadores y se descubren sus perversos designios contra la Religi&#xF3;n y el Estado ... ; tomo I [-tomo V].</subfield>
  </datafield>
  <datafield tag="260" ind1=" " ind2=" ">
    <subfield code="a">Madrid : </subfield>
    <subfield code="b">[s.n.], </subfield>
    <subfield code="c">1824-25 (</subfield>
    <subfield code="f">E. Aguado)</subfield>
  </datafield>
  <datafield tag="300" ind1=" " ind2=" ">
    <subfield code="a">6 pt. en 5 t. ; </subfield>
    <subfield code="c">21 cm.</subfield>
  </datafield>
  <datafield tag="505" ind1="8" ind2=" ">
    <subfield code="a">Suplemento a las XLVII cartas del Fil&#xF3;sofo Rancio : contiene un di&#xE1;logo entre dos canonigos de Sevilla, y dos art&#xED;culos comunicados al Procurador General del Rey de la Nacion / por el mismo autor , (en Tomo IV con portada y paginaci&#xF3;n propias) -- t. 5. Cartas filos&#xF3;ficas que bajo el supuesto nombre de Arist&#xF3;teles / escribi&#xF3; ... Fray Francisco Alvarado conocido ya comunmente por el Fil&#xF3;sofo rancio ... ; las da a luz con las cuarenta y siete anteriores el Rmo. Padre Vicario General del &#xD3;rden de Santo Domingo</subfield>
  </datafield>
  <datafield tag="593" ind1=" " ind2=" ">
    <subfield code="a">Fil&#xF3;sofo Rancio es seud&#xF3;nimo de Francisco Alvarado.</subfield>
  </datafield>
  <datafield tag="596" ind1=" " ind2=" ">
    <subfield code="a">Tomos I-II (1824) ; Tomos III-V (1825)</subfield>
  </datafield>
  <datafield tag="650" ind1="0" ind2="4">
    <subfield code="a">Liberalismo-</subfield>
    <subfield code="z">Espa&#xF1;a-</subfield>
    <subfield code="y">S.XIX.</subfield>
    <subfield code="9">14390</subfield>
  </datafield>
  <datafield tag="852" ind1=" " ind2=" ">
    <subfield code="a">ES-MaACL</subfield>
    <subfield code="j">G-1120-24</subfield>
  </datafield>
  <datafield tag="999" ind1=" " ind2=" ">
    <subfield code="c">23060</subfield>
    <subfield code="d">23060</subfield>
  </datafield>
  <datafield tag="952" ind1=" " ind2=" ">
    <subfield code="0">0</subfield>
    <subfield code="1">0</subfield>
    <subfield code="4">0</subfield>
    <subfield code="7">0</subfield>
    <subfield code="8">LIBXIX</subfield>
    <subfield code="a">ATENEOM</subfield>
    <subfield code="b">ATENEOM</subfield>
    <subfield code="c">DEPO2</subfield>
    <subfield code="d">2008-01-17</subfield>
    <subfield code="e">SC</subfield>
    <subfield code="l">0</subfield>
    <subfield code="o">G-1120-24</subfield>
    <subfield code="p">1023758</subfield>
    <subfield code="r">2023-02-23 00:00:00</subfield>
    <subfield code="w">2023-02-23</subfield>
    <subfield code="y">MONANT</subfield>
  </datafield>
</record>
